000 03405nam a2200433Ii 4500
001 9781839093968
003 UtOrBLW
005 20210303084753.0
006 m o d
007 cr un|||||||||
008 200416t20202020enk ob 001 0 eng d
020 _a9781839093968
040 _aUtOrBLW
_beng
_erda
_cUtOrBLW
043 _ae-uk-en
050 4 _aRA395.G7
_bC35 2020
072 7 _aMED036000
_2bisacsh
072 7 _aLNTM
_2bicssc
080 _a364.3
082 0 4 _a362.10941
_223
100 1 _aCalnan, Michael,
_eauthor.
245 1 0 _aHealth policy, power and politics :
_bsociological insights /
_cauthored by Michael Calnan (University of Kent, UK).
264 1 _bEmerald Publishing Limited,
300 _a1 online resource (176 pages) ;
_ccm
500 _aIncludes index.
504 _aIncludes bibliographical references.
505 0 _aChapter 1: Continuity or Change? Organisational Developments in the National Health Service -- Chapter 2: Medical Professionalism and Its Reconfiguration -- Chapter 3: A Responsive Health Service? Patient Choice, Public Involvement and Co-Production -- Chapter 4: Rationing, Regulating and Big Pharma -- Chapter 5: Mental Health Policy and an Epidemic of Misery -- Chapter 6: Framing Health Policy in the Media -- Chapter 7: the Widening in Social Inequalities in Health but the Narrowing of Policy -- Chapter 8: Environment, Place and Health Policy.
520 _aIn the context of substantial changes in health service policy and public health policy in England over the last two decades, Health Policy, Power and Politics fills an important gap by providing an up-to-date and accessible account of recent trends in health policies and a sociological analysis of why these policies have taken the shape they have. This book provides a theoretically informed analysis of key recent policy changes in England and how the interplay of powerful structural interests has influenced policy in health. It includes chapters on recent reforms in the NHS and the drift towards privatisation, policies aimed at enhancing public and patient involvement, the regulation of the drug industry, medicalisation and mental health policy, the role and effect of the media and recent changes in social and environmental health policy. The analysis examines the influence of the State, professional medicine, the media, commercial interests such as those of the pharmaceutical, food and fossil fuel industries, patient's groups and the wider global environment. While the key focus of the book is on England, the analysis drawn on by the author comes from a plethora of policy examples in health systems in high and low to middle income countries across the world. This widened context shines a light on the influence of globalisation and highlights both the distinctive character of health policy in England, as well as the common themes it shares in a world-wide context.
588 0 _aPrint version record.
650 0 _aMedical policy
_zEngland.
650 0 _aMedical laws and legislation
_zEngland.
650 7 _aMedical
_xHealth Policy.
_2bisacsh
650 7 _aMedical & healthcare law.
_2bicssc
776 _z9781839093975
856 4 0 _uhttps://doi.org/10.1108/9781839093944
999 _c29504
_d29504